000 01042nam0a22002531i 4500
001 rc\2123231
005 20240726053608.0
035 _a(NLR Aleph) 006623493
090 _a7474943
_c7474943
100 _a20110829d1978 |||y0rusy50 ca
101 0 _arus
102 _aRU
105 _ay d |||||
200 1 _aПроблемы финансов производственных объединений отрасли
_e(На прим. угольной пром-сти СССР)
_eАвтореф. дис. на соиск. учен. степ. д-ра экон. наук
_e(08.00.10)
_fЛенингр. фин.-экон. ин-т им. Н.А. Вознесенского
210 _aЛенинград
_d1978
215 _a35 с.
320 _aСписок работ авт.: с. 33-35 (3 назв.)
700 1 _aАюшиев
_bА.Д.
_gАюржана Дылгырович
801 0 _aRU
_bNLR
_gpsbo
801 1 _aRU
_bELAR
_2rusmarc
852 _aNLR
_j79-4/4490
899 _aRuMoRGB
_jДр 371/843
899 _aRuMoRGB
_jДр 371/844
942 _cBOOK